[Event "Frodsham op"]
[Site "Frodsham"]
[Date "2018.02.03"]
[Round "2"]
[White "Altham, John T"]
[Black "Buckley, Colm"]
[Result "1-0"]
[WhiteElo "1817"]
[BlackElo "1944"]
[PlyCount "69"]
[EventDate "2018.02.02"]
[EventType "swiss"]
[EventRounds "5"]
[EventCountry "ENG"]
[SourceTitle "CBM 182 Extra"]
[Source "ChessBase"]
[SourceDate "2018.02.23"]
[SourceVersion "1"]
[SourceVersionDate "2018.02.23"]
[SourceQuality "1"]

1. e4 e6 2. d4 d5 3. e5 c5 4. Qg4 cxd4 5. Nf3 Nc6 6. Bd3 Nge7 7. 0-0 Ng6 8. Re1 Be7 9. Nbd2 Qc7 10. Qg3 Bd7 11. Nb3 0-0-0 12. Nbxd4 Nxd4 13. Nxd4 Bc5 14. c3 Kb8 15. a4 Rc8 16. Bd2 Bxd4 17. cxd4 f5 18. Bb4 Qb6 19. Bc5 Qxb2 20. Reb1 Qd2 21. Ba6 b6 22. a5 b5 23. Qb3 Qe2 24. Ra2 Qc4 25. Qa3 Ka8 26. Rc1 b4 27. Rxc4 bxa3 28. Bxc8 Rxc8 29. Rc1 Nf4 30. Rca1 Nd3 31. Bxa3 Rc4 32. Bd6 Bc6 33. a6 Rxd4 34. Rb1 Nb4 35. Bxb4 1-0

[Event "Harrogate 4NCL op-B 12th"]
[Site "Harrogate"]
[Date "2017.01.08"]
[Round "4"]
[White "Altham, John T"]
[Black "David, Ivan"]
[Result "1/2-1/2"]
[WhiteElo "1688"]
[BlackElo "1869"]
[PlyCount "86"]
[EventDate "2017.01.06"]
[EventType "swiss"]
[EventRounds "5"]
[EventCountry "ENG"]
[SourceTitle "CBM 176 Extra"]
[Source "ChessBase"]
[SourceDate "2017.03.02"]
[SourceVersion "1"]
[SourceVersionDate "2017.03.02"]
[SourceQuality "1"]

1. e4 d6 2. d4 Nf6 3. Nc3 e5 4. dxe5 dxe5 5. Qxd8+ Kxd8 6. a3 Be6 7. Bg5 Nbd7 8. 0-0-0 Kc8 9. f3 c6 10. Nge2 Ne8 11. h3 f6 12. Be3 b5 13. Nb1 h5 14. Rg1 Nd6 15. Nd2 Kc7 16. g4 hxg4 17. hxg4 g5 18. Ng3 Be7 19. Rg2 Nb7 20. Nf5 Bc5 21. Bxc5 Ndxc5 22. c4 a6 23. Be2 Rad8 24. Kc2 Bf7 25. b4 Ne6 26. c5 Nf4 27. Rf2 Rh3 28. Rdf1 a5 29. Rb1 axb4 30. axb4 Ra8 31. Bf1 Rh1 32. Ng3 Rg1 33. Ne2 Ra2+ 34. Kc3 Nxe2+ 35. Bxe2 Rxb1 36. Nxb1 Nd8 37. Rh2 Kd7 38. Nd2 Ne6 39. Rh7 Ke7 40. Bd1 Nd4 41. Nb3 Ra3 42. Kd2 Rxb3 43. Bxb3 Nxb3+ 1/2-1/2

[Event "Harrogate 4NCL op-B 12th"]
[Site "Harrogate"]
[Date "2017.01.07"]
[Round "3"]
[White "Dean, Robert A"]
[Black "Altham, John T"]
[Result "0-1"]
[WhiteElo "1838"]
[BlackElo "1688"]
[PlyCount "62"]
[EventDate "2017.01.06"]
[EventType "swiss"]
[EventRounds "5"]
[EventCountry "ENG"]
[SourceTitle "CBM 176 Extra"]
[Source "ChessBase"]
[SourceDate "2017.03.02"]
[SourceVersion "1"]
[SourceVersionDate "2017.03.02"]
[SourceQuality "1"]

1. e4 e5 2. Nf3 Nc6 3. Bb5 a6 4. Ba4 Nf6 5. 0-0 Nxe4 6. d4 exd4 7. Re1 d5 8. Nxd4 Bd6 9. Be3 0-0 10. Nxc6 Qh4 11. h3 Bxh3 12. Nd4 Bg4 13. Nf3 Qh5 14. Nbd2 b5 15. Bb3 Rae8 16. Nf1 c6 17. c3 Re6 18. Bc2 Rf6 19. Bc1 Bxf3 20. gxf3 Rg6+ 21. Ng3 Nxg3 22. fxg3 Rxg3+ 23. Kf2 Qh2+ 24. Ke3 Bc5+ 25. Kd3 Qf2 26. Qe2 Rxf3+ 27. Kd2 Qg3 28. Kd1 Rf2 29. Qd3 Qg4+ 30. Re2 g6 31. Kd2 Rf3 0-1

[Event "Wetherby 4NCL op-B 6th"]
[Site "Wetherby"]
[Date "2016.01.09"]
[Round "3"]
[White "Altham, John T"]
[Black "Salisbury, Paul"]
[Result "0-1"]
[WhiteElo "1686"]
[BlackElo "1802"]
[PlyCount "74"]
[EventDate "2016.01.08"]
[EventType "swiss"]
[EventRounds "5"]
[EventCountry "ENG"]
[SourceTitle "CBM 170 Extra"]
[Source "ChessBase"]
[SourceDate "2016.02.25"]
[SourceVersion "1"]
[SourceVersionDate "2016.02.25"]
[SourceQuality "1"]

1. e4 e5 2. Nf3 Nf6 3. Nc3 Nc6 4. Bc4 Nxe4 5. Nxe4 d5 6. Bxd5 Qxd5 7. Nc3 Qc5 8. h3 Bd7 9. 0-0 0-0-0 10. d3 f5 11. Bg5 Re8 12. Be3 Nd4 13. Bxd4 exd4 14. Ne2 g5 15. Nfxd4 g4 16. hxg4 fxg4 17. c3 Bd6 18. Ng3 h5 19. Ne4 Rxe4 20. dxe4 Qe5 21. f4 Qxe4 22. Qe2 Qd5 23. Rae1 h4 24. Qe4 Qh5 25. b4 g3 26. Rf3 Re8 27. Qb1 Rg8 28. Qd3 Bg4 29. Rff1 h3 30. Qxg3 Be6 31. Qxg8+ Bxg8 32. gxh3 Qg6+ 33. Kh2 Bd5 34. Re2 Bc4 35. Rg2 Qd3 36. Rf3 Qh7 37. Rgf2 b6 0-1

[Event "Wetherby 4NCL op-B 6th"]
[Site "Wetherby"]
[Date "2016.01.09"]
[Round "2"]
[White "Cawston, M John"]
[Black "Altham, John T"]
[Result "1/2-1/2"]
[WhiteElo "1878"]
[BlackElo "1686"]
[PlyCount "199"]
[EventDate "2016.01.08"]
[EventType "swiss"]
[EventRounds "5"]
[EventCountry "ENG"]
[SourceTitle "CBM 170 Extra"]
[Source "ChessBase"]
[SourceDate "2016.02.25"]
[SourceVersion "1"]
[SourceVersionDate "2016.02.25"]
[SourceQuality "1"]

1. Nf3 d5 2. g3 Nf6 3. Bg2 g6 4. 0-0 Bg7 5. d4 0-0 6. c4 c6 7. Qc2 Ne4 8. Rd1 Nd7 9. cxd5 cxd5 10. Nc3 Nxc3 11. Qxc3 Nf6 12. Bf4 Ne4 13. Qb3 e6 14. Rac1 Nd6 15. Qb4 Nf5 16. Rc2 Ne7 17. Bc7 Qd7 18. Ne5 Bxe5 19. Bxe5 Nc6 20. Qd6 Qxd6 21. Bxd6 Rd8 22. Ba3 Bd7 23. e3 Rac8 24. Rdc1 Na5 25. b3 Nc6 26. Bf1 f6 27. Be2 Kf7 28. h4 a6 29. Bc5 Nb8 30. Bb6 Rxc2 31. Rxc2 Rc8 32. Rxc8 Bxc8 33. Bc7 Nc6 34. Bd6 Ke8 35. Kf1 Kd7 36. Bc5 Nb8 37. h5 Kc6 38. hxg6 hxg6 39. Bd3 f5 40. Ke2 e5 41. Bf8 e4 42. Bb1 Nd7 43. Be7 a5 44. a3 b6 45. Bc2 Ba6+ 46. Kd2 Bf1 47. Bd1 Nb8 48. g4 Na6 49. gxf5 gxf5 50. Kc3 Nc7 51. Bh5 Nb5+ 52. Kb2 Nc7 53. Bg6 Kd7 54. Bf8 Bh3 55. Bh5 Ne6 56. Bh6 Nc7 57. Be2 Ne6 58. Bb5+ Ke7 59. Kc3 Nc7 60. Bc6 Kd6 61. Bb7 Ke6 62. Bf4 Nb5+ 63. Kb2 Nd6 64. Bc6 Bf1 65. Be5 Nf7 66. Bc7 Ng5 67. Bxb6 Nh3 68. Bxa5 Nxf2 69. Bd2 f4 70. exf4 e3 71. f5+ Kd6 72. Bxe3 Nd1+ 73. Kc1 Nxe3 74. f6 Bg2 75. f7 Ke7 76. f8Q+ Kxf8 77. Kd2 Nf5 78. Kc3 Ke7 79. b4 Kd6 80. b5 Kc7 81. a4 Ne7 82. Be8 Nf5 83. a5 Bf1 84. b6+ Kb7 85. Bd7 Ne7 86. Kb4 Bc4 87. Kc5 Ba6 88. Kd6 Nc8+ 89. Bxc8+ Kxc8 90. Kxd5 Kd7 91. Kc5 Be2 92. d5 Bf1 93. d6 Ba6 94. Kd5 Bb7+ 95. Kc4 Kc6 96. d7 Ba6+ 97. Kd4 Kxd7 98. Kc5 Kc8 99. Kc6 Kb8 100. Kd7 1/2-1/2